Cyclisme : Palmarès Vélo d'or !!! - Statistiques

Statistiques générales
  • Ce quiz a été pris 347 fois
    315 depuis la dernière actualisation
  • Le résultat moyen est 20 sur 32
Statistiques - réponses
Années Pays Noms % Correct
2021 🇸🇮 Pogacar
97%
2023 🇩🇰 Vingegaard
97%
2017 🇬🇧 Froome
91%
2015 🇬🇧 Froome
91%
2013 🇬🇧 Froome
91%
2020 🇸🇮 Roglic
90%
2022 🇧🇪 Evenepoel
85%
2014 🇪🇦 Contador
78%
2009 🇪🇦 Contador
78%
2008 🇪🇦 Contador
78%
2007 🇪🇦 Contador
78%
2016 🇸🇰 Sagan
76%
2018 🇪🇦 Valverde
75%
2019 🇨🇵 Alaphilippe
74%
2012 🇬🇧 Wiggins
67%
2011 🇧🇪 Gilbert
64%
2010 🇨🇭 Cancellara
61%
2005 🇧🇪 Boonen
57%
1999 Déclassé
56%
2004 Déclassé
55%
2003 Déclassé
55%
2001 Déclassé
55%
2000 Déclassé
55%
1993 🇪🇦 Indurain
48%
1992 🇪🇦 Indurain
48%
1998 🇮🇹 Pantani
48%
1995 🇨🇵 Jalabert
45%
1997 🇩🇪 Ullrich
44%
2006 🇮🇹 Bettini
29%
1994 🇨🇭 Rominger
25%
2002 🇮🇹 Cipollini
24%
1996 🇷🇺 Museeuw
5%
Aucun quiz correspondant
Distribution des résultats
% des personnes avec chaque résultat
Percentile par nombre de réponses
Votre historique - résultats
Vous n’avez pas pris ce quiz depuis la dernière actualisation